Những cây rau gia vị phổ biến ở Việt Nam
Na minha lista:
| Autor principal: | |
|---|---|
| Formato: | Livro |
| Idioma: | Undetermined |
| Publicado em: |
Hà Nội
Nông Nghiệp
2000
|
| Assuntos: | |
| Tags: |
Adicionar Tag
Sem tags, seja o primeiro a adicionar uma tag!
|
| Thư viện lưu trữ: | Trung tâm Học liệu Trường Đại học Cần Thơ |
|---|
| LEADER | 00552nam a2200181Ia 4500 | ||
|---|---|---|---|
| 001 | CTU_40629 | ||
| 008 | 210402s9999 xx 000 0 und d | ||
| 020 | |b 10.000đ | ||
| 082 | |a 633.8 | ||
| 082 | |b Nh556 | ||
| 100 | |a Mai Văn Quyền ... [et al.] | ||
| 245 | 0 | |a Những cây rau gia vị phổ biến ở Việt Nam | |
| 245 | 0 | |c Mai Văn Quyền ...[et al.] | |
| 260 | |a Hà Nội | ||
| 260 | |b Nông Nghiệp | ||
| 260 | |c 2000 | ||
| 650 | |a vegetables - vietnam | ||
| 980 | |a Trung tâm Học liệu Trường Đại học Cần Thơ | ||